Planet earth (Record no. 46818)
[ view plain ]
| 000 -LEADER | |
|---|---|
| fixed length control field | 00272nam a22001217a 4500 |
| 008 - FIXED-LENGTH DATA ELEMENTS--GENERAL INFORMATION | |
| fixed length control field | 180806b xxu||||| |||| 00| 0 eng d |
| 082 ## - DEWEY DECIMAL CLASSIFICATION NUMBER | |
| Classification number | 813.52 |
| 245 ## - TITLE STATEMENT | |
| Title | Planet earth |
| Statement of responsibility, etc | BRITANNICA |
| 260 ## - PUBLICATION, DISTRIBUTION, ETC. (IMPRINT) | |
| Date of publication, distribution, etc | 2008 |
| 300 ## - PHYSICAL DESCRIPTION | |
| Extent | 1 |
| Type of unit | CD |
| 440 ## - SERIES STATEMENT/ADDED ENTRY--TITLE | |
| International Standard Serial Number | C8ZA1A7EA0034017 |
| 942 ## - ADDED ENTRY ELEMENTS (KOHA) | |
| Source of classification or shelving scheme | |
| Item type | Mixed Materials |
| Withdrawn status | Lost status | Source of classification or shelving scheme | Damaged status | Not for loan | Collection code | Permanent location | Current location | Shelving location | Date acquired | Total Checkouts | Full call number | Barcode | Date last seen | Price effective from | Koha item type |
|---|---|---|---|---|---|---|---|---|---|---|---|---|---|---|---|
| 08/06/2018 | 08/06/2018 | 08/06/2018 | Mixed Materials | ||||||||||||
| Koleksioni i përgjithshem | UBT - Lipjan | UBT - Lipjan | Koleksioni i përgjithshem | 08/06/2018 | 813.52 BRI | 002-3009820 | 08/06/2018 | 08/06/2018 | Mixed Materials | ||||||
| UBT - Lipjan | UBT - Lipjan | 08/06/2018 | 813.52 BRI | 002-3009830 | 08/06/2018 | 08/06/2018 | Mixed Materials | ||||||||
| UBT - Lipjan | UBT - Lipjan | 08/06/2018 | 813.52 BRI | 002-3009835 | 08/06/2018 | 08/06/2018 | Mixed Materials |